Music Quiz

Random Music or Song Quiz

Antony & The Johnsons Songs Quiz Stats

 Plays Quiz not verified by Sporcle

Score 0/67 Timer 15:00
0 Plays Today
% Correct
Hope There's Someone
100%
Hope There's Someone
100%
For Today I Am a Boy
87.5%
You Are My Sister
87.5%
Fistful of Love
87.5%
Bird Gerhl
87.5%
Epilepsy Is Dancing
87.5%
Another World
87.5%
Aeon
87.5%
Swanlights
87.5%
Thank You for Your Love
87.5%
I Fell in Love with a Dead Boy
87.5%
The Lake
87.5%
Fistful of Love
87.5%
You Are My Sister
87.5%
Another World
87.5%
Thank You For Your Love
87.5%
Epilepsy Is Dancing
87.5%
Aeon
87.5%
Cripple and the Starfish
75%
My Lady Story
75%
What Can I Do?
75%
Free at Last
75%
The Crying Light
75%
Fletta
75%
Hitler in my Heart
62.5%
Man Is The Baby
62.5%
Spiralling
62.5%
Kiss My Name
62.5%
Everything Is New
62.5%
Ghost
62.5%
River of Sorrow
50%
Rapture
50%
Her Eyes Are Underneath The Ground
50%
% Correct
One Dove
50%
Daylight and The Sun
50%
Everglade
50%
The Great White Ocean
50%
I'm in Love
50%
Violetta
50%
The Spirit Was Gone
50%
Salt Silver Oxygen
50%
Christina's Farm
50%
Hope Mountain
50%
Twilight
37.5%
Atrocities
37.5%
Divine
37.5%
Blue Angel
37.5%
Dust and Water
37.5%
Crackagen
37.5%
Shake That Devil
37.5%
Imagine
37.5%
Crazy In Love
37.5%
Deeper Than Love
25%
Mysteries ofLove
25%
Frankenstein
25%
Paddy's Gone
25%
Sing for Me
25%
Soft Black Stars
12.5%
The Horror Has Gone
12.5%
Just One Star
12.5%
Poorest Ear
12.5%
Forest of Love
12.5%
You Are The Treasure
12.5%
My Lord My Love
12.5%
Pressing On
12.5%
Where Is My Power?
12.5%

You're not logged in!

Compare scores with friends on all Sporcle quizzes.
OR
Log In

Show Comments

Extras

Created Oct 24, 2010ReportNominate
Tags:Song Quiz, antony, johnson

Top Quizzes Today


Score Distribution

Your Account Isn't Verified!

In order to create a playlist on Sporcle, you need to verify the email address you used during registration. Go to your Sporcle Settings to finish the process.

Report this User

Report this user for behavior that violates our Community Guidelines.

Details: